000
00293nam a22001337a 4500
008
181217b xxu||||| |||| 00| 0 eng d
020
_a
9780534187620
041
_a
eng
080
_2
4 TH
_a
610
100
_a
3
101
_a
SHM
245
_a
Issues And Ethics
_c
Carey.C
942
_2
udc
_c
BK
999
_c
53188
_d
53188